| 000 | 01363nam a2200325 i 4500 | ||
|---|---|---|---|
| 003 | EG-GICUC | ||
| 005 | 20260426122858.0 | ||
| 008 | 260426s1990 fr ||||fr|||| 000 0dFre d | ||
| 017 | _a2-7111-0960-7 | ||
| 040 |
_aEG-GiCUC _bfre _cEG-GiCUC _dEG-GiCUC _eRda |
||
| 041 | 0 | _afre | |
| 082 | 0 | 4 |
_221 _a343.9 _bME |
| 092 | 0 | 4 | _221 |
| 099 | _aLaw1 10 343.9 ME [1990] | ||
| 245 | 0 | 0 |
_aMélanges Offerts À Albert Chavanne : _bDroit Pénal Propriété Industrielle. |
| 264 | 1 |
_aParis : _bLibraire de la Cour de cassation, _c[1990]. |
|
| 300 |
_a328 page, pages non numérotées, pagination diverse : _bphotographies; _c 24 cm. |
||
| 336 |
_2rda contenu _a texte |
||
| 337 |
_2rda medias _aOrdinateur |
||
| 338 |
_2 transporteur rda _a Ressource en ligne |
||
| 500 | _aIl est interdit de reproduire intégralement ou partiellement sur quelque support que ce soit le présent ouvrage sans autorisation de l'editeur ou du Centre français du Copyright, 6 bis, rue Gabriel-Laumain-75010 Paris (Loi du 11 mars 1957, art. 40, 41: C. penal, art. 425. | ||
| 504 | _aComprend des références bibliographiques. | ||
| 546 | _aTexte en français | ||
| 650 | 1 |
_aDroit pénal _2qrmak |
|
| 651 | 1 | _2qrmak | |
| 700 | 1 |
_aAlbert Chavanne _eContributeur |
|
| 856 | 4 | 0 | _uhttps://fll.law.cu.edu.eg/fulltext/bks/B10-11575.pdf |
| 905 | _a62 | ||
| 942 |
_2ddc _cBK _e21 _n0 |
||
| 999 |
_c73470 _d73470 |
||